| 000 | 00392nam a22001577a 4500 | ||
|---|---|---|---|
| 003 | OSt | ||
| 005 | 20211109150437.0 | ||
| 008 | 211109b |||||||| |||| 00| 0 eng d | ||
| 020 | _a9780071163064 | ||
| 040 | _cHU | ||
| 082 | _a330.015195 | ||
| 100 |
_a Gujarati, . _dDamodar N.; Porter, Dawn C _910243 |
||
| 245 | _a Essentials of econometrics | ||
| 260 | _c1999 | ||
| 942 |
_2ddc _cBOOKS _n0 |
||
| 999 |
_c17304 _d17304 |
||